[Event "Oceania Womens Zonal"]
[Site "Guam GUM"]
[Date "2019.02.23"]
[Round "9"]
[White "Parrado, Angelica"]
[Black "Sisior, Destiny"]
[Result "1-0"]
[WhiteElo "1554"]
[BlackElo "1432"]
[PlyCount "55"]
[EventDate "2019.02.17"]

1. e4 e5 2. Nf3 Nc6 3. Bc4 Bc5 4. c3 Nf6 5. d4 exd4 6. cxd4 Bb4+ 7. Nc3 Nxe4 8.
Qe2 O-O 9. O-O Nxc3 10. bxc3 Bxc3 11. Rb1 Nxd4 12. Nxd4 Bxd4 13. Bd3 d5 14. Qh5
g6 15. Qd1 Qf6 16. Bh6 Re8 17. Qa4 c6 18. Qa3 Rb8 19. Rbe1 Bg4 20. Rb1 Be2 21.
Bxe2 Rxe2 22. Be3 Bb2 23. Qd3 Rxe3 24. fxe3 Qc3 25. Qe2 Ba3 26. Qf2 f5 27. Qg3
Qf6 28. Qxb8+ 1-0

[Event "Oceania Womens Zonal"]
[Site "Guam GUM"]
[Date "2019.02.23"]
[Round "9"]
[White "Stones, Rebecca"]
[Black "Sisior, Angelil"]
[Result "1-0"]
[WhiteElo "1822"]
[BlackElo "1439"]
[PlyCount "43"]
[EventDate "2019.02.17"]

1. d4 d5 2. Nf3 e6 3. g3 b6 4. Bg2 Bb7 5. O-O Nf6 6. c4 c6 7. b3 Be7 8. Bb2
Nbd7 9. Nc3 O-O 10. Qd2 Qc7 11. Rac1 Rac8 12. e4 Ne8 13. cxd5 cxd5 14. e5 f5
15. exf6 Nexf6 16. Qe2 Rfe8 17. Qxe6+ Kh8 18. Ng5 Ba3 19. Nf7+ Kg8 20. Nh6+ Kh8
21. Qg8+ Nxg8 22. Nf7# 1-0

[Event "Oceania Womens Zonal"]
[Site "Guam GUM"]
[Date "2019.02.23"]
[Round "9"]
[White "Ryjanova, Julia"]
[Black "Ollet, Myra"]
[Result "1-0"]
[WhiteElo "2289"]
[BlackElo "1454"]
[PlyCount "73"]
[EventDate "2019.02.17"]

1. d4 g6 2. c4 d6 3. Nc3 c6 4. e4 Bg7 5. Be3 Nf6 6. f3 Nbd7 7. Qd2 e5 8. Nge2
Qc7 9. Rc1 b6 10. b4 a6 11. Ng3 O-O 12. Be2 exd4 13. Bxd4 Ne5 14. f4 Neg4 15.
h3 c5 16. Nd5 Nxd5 17. Bxg7 Kxg7 18. cxd5 Nh6 19. Bf3 Qe7 20. O-O Bd7 21. e5
Rae8 22. exd6 Qxd6 23. bxc5 bxc5 24. Ne4 Qb6 25. Qc3+ f6 26. Qxc5 Qxc5+ 27.
Nxc5 Rd8 28. Nb7 Rde8 29. Rc7 Re7 30. d6 Ref7 31. Bd5 Bb5 32. Bxf7 Rxf7 33. Rd1
Bd7 34. Nd8 Be8 35. Nxf7 Nxf7 36. d7 Bxd7 37. Rdxd7 1-0

[Event "Oceania Womens Zonal"]
[Site "Guam GUM"]
[Date "2019.02.23"]
[Round "9"]
[White "Punsalan, Vyanla M"]
[Black "Whipps, Kayah Iblai Flores"]
[Result "1-0"]
[WhiteElo "1951"]
[BlackElo "1083"]
[PlyCount "41"]
[EventDate "2019.02.17"]

1. e4 e5 2. Nf3 d6 3. d4 Bg4 4. dxe5 Bxf3 5. Qxf3 Nc6 6. Bb5 dxe5 7. O-O Qf6 8.
Qg3 O-O-O 9. Bg5 Qd6 10. Bxd8 Nxd8 11. Nc3 Be7 12. Rad1 Qg6 13. Qh3+ Qe6 14.
Bd7+ Kb8 15. Bxe6 fxe6 16. Rxd8+ Bxd8 17. Rd1 Nf6 18. Qxe6 Nd7 19. Qxd7 Rf8 20.
Qxd8+ Rxd8 21. Rxd8# 1-0